• 首页
  • 本馆介绍
  • 公告通知
  • 最新文献
  • 馆藏检索
  • 电子资源
  • 读者导购
  • 参考咨询
  • 我的图书馆
  • 登录
  • 详细信息显示
  • 放入我的书架
  • 预约/预借图书
  • 作者相关作品
  • 分类相关作品
  • 丛书相关作品
  • 出版社相关作品

书目信息

  • 表格格式
  • 工作单格式
  • 卡片格式
题名:
新编动物性食品卫生学
    
 
作者: 王雪敏 , 赵月兰 主编 ;马吉飞 , 刁有祥 参编
分册:  
出版信息: 北京   中国农业科学技术出版社  2012.8
页数: 302页
开本: 26cm
丛书名:
单 册:
中图分类: R155.5
科图分类:
主题词: 动物性食品--食品卫生--高等学校--教材
电子资源:
ISBN: 978-7-5116-0957-1
000 01037nam0 2200313 45
001 1355429702
005 20140325142438.01
010    @a978-7-5116-0957-1@dCNY30.00
100    @a20130108d2012 em y0chiy0121 ea
101 0  @achi
102    @aCN@b110000
105    @aa a 000yy
106    @ar
200 1  @a新编动物性食品卫生学@f赵月兰, 王雪敏主编
210    @a北京@c中国农业科学技术出版社@d2012.8
215    @a302页@c图@d26cm
300    @a全国高等院校“十二五”规划教材 农业部兽医局推荐精品教材
314    @a本书参编者: 刁有祥, 马吉飞, 王龙涛, 王飒爽, 王雪敏等
320    @a有书目 (第299-302页)
330    @a本书主要介绍了动物性食品的污染与控制; 肉用畜禽屠宰加工的兽医卫生监督与检验; 屠畜常见传染病和寄生虫病的鉴定与安全处理等。
512 1  @a动物性食品卫生学
606 0  @a动物性食品@x食品卫生@x高等学校@j教材
690    @aR155.5@v5
701  0 @a王雪敏@4主编
701  0 @a赵月兰@4主编
702  0 @a马吉飞@4参编
702  0 @a刁有祥@4参编
801    @aCN@bTANGWEI@c20130111
905    @b0831307-09@dR155.5@e109@f3
    
    新编动物性食品卫生学/赵月兰, 王雪敏主编.-北京:中国农业科学技术出版社,2012.8
    302页:图;26cm
    全国高等院校“十二五”规划教材 农业部兽医局推荐精品教材
    
    ISBN 978-7-5116-0957-1:CNY30.00
    本书主要介绍了动物性食品的污染与控制; 肉用畜禽屠宰加工的兽医卫生监督与检验; 屠畜常见传染病和寄生虫病的鉴定与安全处理等。
●
相关链接 在E读中查询图书 在五车中查询图书 在当当中查询图书 在豆瓣中查询图书


正题名:新编动物性食品卫生学     索取号:R155.5/109         预约/预借

序号 登录号 条形码 馆藏地/架位号 状态 备注
1 0831307   208313074   第二样本阅览室/ [索取号:R155.5/109] 在馆    
2 0831308   208313083   第三借阅区/ [索取号:R155.5/109] 在馆    
3 0831309   208313092   第三借阅区/ [索取号:R155.5/109] 在馆    
唐山师范学院图书馆 欢迎您!
大连网信软件有限公司© 版权所有